000 00613nam a2200205 4500
003 OSt
005 20260424072024.0
006 a
008 240722b |||||||| |||| 00| 0 eng d
020 _a9780736072441
040 _aDWCL-Main lib.
_cOC
082 _aCirc. 796.342 W895p 2008
100 _aWoods, Kathy
245 _aPlaying tennis after 50 /
_cWoods, Kathy
260 _aChampaign, Ill. :
_bHuman Kinetics,
_cc2008.
300 _axiii,
_b217 p. : ill. ;
_c26 cm.
504 _aIncludes bibliographical references & index.
650 _a1. Tennis for older people.
942 _2ddc
_n0
_cBK-CIRC
_kCirc.
999 _c2535
_d2535